The next attack : (Record no. 190493)
[ view plain ]
| 000 -LEADER | |
|---|---|
| fixed length control field | 00623 a2200181 4500 |
| 003 - CONTROL NUMBER IDENTIFIER | |
| control field | Nust |
| 005 - DATE AND TIME OF LATEST TRANSACTION | |
| control field | 20230213101838.0 |
| 020 ## - INTERNATIONAL STANDARD BOOK NUMBER | |
| International Standard Book Number | 0340899182 |
| 040 ## - CATALOGING SOURCE | |
| Transcribing agency | Nust |
| 082 ## - DEWEY DECIMAL CLASSIFICATION NUMBER | |
| Classification number | 973.931,BEN |
| 100 ## - MAIN ENTRY--PERSONAL NAME | |
| Personal name | Simon, Steven. |
| 9 (RLIN) | 108924 |
| 245 ## - TITLE STATEMENT | |
| Title | The next attack : |
| Remainder of title | The globalization of Jihad / |
| Statement of responsibility, etc. | Daniel Benjamin and Steven Simon |
| 260 ## - PUBLICATION, DISTRIBUTION, ETC. | |
| Place of publication, distribution, etc. | New York |
| Name of publisher, distributor, etc. | Times Books |
| Date of publication, distribution, etc. | 2005. |
| 300 ## - PHYSICAL DESCRIPTION | |
| Extent | xvii, 330 p |
| Other physical details | 25 cm |
| 505 ## - FORMATTED CONTENTS NOTE | |
| Formatted contents note | Part-1 Since September 11: The Evolution of the Threat (Page-3), Part-2 Self –Inflicted Wounds (Page-139), Part-3 The Road Not Taken (Page-197). |
| 650 ## - SUBJECT ADDED ENTRY--TOPICAL TERM | |
| Topical term or geographic name entry element | The next attack |
| 9 (RLIN) | 108925 |
| 942 ## - ADDED ENTRY ELEMENTS (KOHA) | |
| Source of classification or shelving scheme | |
| Koha item type | Book |
| Withdrawn status | Lost status | Source of classification or shelving scheme | Damaged status | Not for loan | Permanent Location | Current Location | Shelving location | Date acquired | Full call number | Barcode | Date last seen | Price effective from | Koha item type | Public note |
|---|---|---|---|---|---|---|---|---|---|---|---|---|---|---|
| Military College of Signals (MCS) | Military College of Signals (MCS) | General Stacks | 12/12/2016 | 973.931,BEN | MCS32713 | 12/08/2016 | 12/12/2016 | Book | Almirah No.62, Shelf No.6 |
